LEADER 01296nam a2200289 i 4500 001 000000125438 003 CaOOAMICUS 005 20051116000000.0 008 051116s1985 it u000 u ita u 013 $a98139 040 $aSeMil$bita 100 1 $aFaustini, Gianni.$0(OLS)http://semarc/name/50418 245 10$aS. Romedio :$barte, storia, leggenda /$cGianni Faustini ; Iginio Rogger ; fotografie Flavio Faganello ; Gianni Zotta. 260 $aTrento :$bPublilux,$cstampa 1985. 300 $a109 p. :$briccamente ill. ;$c30 cm. 500 $aContiene : Note bibliografiche.- Fondo Card. C.M. Martini. 650 4$aRomedio .$0(OLS)http://semarc/subject/24400 650 4$aPredaia - Santuario di San Romedio.$0(OLS)http://semarc/subject/24401 700 1 $aZotta, Gianni.$0(OLS)http://semarc/name/48313 700 1 $aFaganello, Flavio.$0(OLS)http://semarc/name/52119 700 1 $aRogger, Igino .$0(OLS)http://semarc/name/1382 850 $aSeMil 852 $aSeMil$W1$xVenegono$y1$m3P V 309$j79893$B79893$CSeMilBibl$Z2$F105786 $81 941 1 $a4 961 $aOmaggio: Martini Card. Carlo Maria 996 $6245$aS. Romedio :$barte, storia, leggenda$9(OLS)http://semarc/title/184735 996 $6260$aTrento :$bPublilux$9(OLS)http://semarc/publisher/46425 LEADER 01399nam a2200265 i 4500 001 000000163476 003 CaOOAMICUS 005 20240612160839.0 008 070730s1958 it u000 u ita u 040 $aSeMil$bita 100 1 $aNicolini, Fausto,$d<1879-1965>.$0(OLS)http://semarc/name/95 245 10$aArte e storia nei Promessi Sposi :$bcon aggiunto Una vittima storica di Alessandro Manzoni ; Manzoniana /$cdi Fausto Nicolini . La battaglia di Fleurus / di Lope de Vega Carpio . La battaglia di Fleurus / di Francisco de Quevedo Villegas. 264 1$aMilano :$bLonganesi & C.,$c1958. 300 $a535 p., con 16 tavole fuori testo ;$c19 cm. 490 1 $aI marmi ;$v21 650 4$aManzoni, Alessandro <1785-1873> . Promessi sposi.$0(OLS)http://semarc/subject/15533 700 1 $aVega, Lope : de,$d<1562-1635>.$0(OLS)http://semarc/name/31441 700 1 $aQuevedo, Francisco : de,$d<1580-1645>.$0(OLS)http://semarc/name/63204 830 2$aI marmi ;$v21.$0(OLS)http://semarc/title/7208 850 $aSeMil 852 $aSeMil$W1$xVenegono$y1$m1O I 446$j248955$B114770$CSeMilBibl$Z2$F125587 $81 961 $aRecupero: Altro 996 $6245$aArte e storia nei Promessi Sposi :$bcon aggiunto Una vittima storica di Alessandro Manzoni ; Manzoniana$9(OLS)http://semarc/title/233228 996 $6264$aMilano :$bLonganesi & C.$9(OLS)http://semarc/publisher/31590